01018nam a2200253 a 4500003000400000005001700004008004100021020002200062040001400084082003000098245017300128264003700301300003700338336002700375337002700402338002800429650003300457650002600490650002700516650003700543710008800580710005600668710004000724OSt20231121114744.0231109s2015 r a|||| |||| 001 0 fre d a978-92-5-208785-4 cCHAPerda00222a338.191724bF21f 201500aL'État de l'insécurité alimentaire dans le monde 2015 :bobjectifs internationaux 2015 de réduction de la faim : des progrès inégaux /cpor FAO, FIDA y PAM. 1aRome :bFAO:bFIDA:bPAM,c2015. a61 páginas:bfiguras, cuadros. 2rdacontentatextobtxt 2rdamediaasin mediobn 2rdacarrieravolumenbnc 4aAbastecimientos de alimentos 4aSeguridad alimentaria 4aPolítica nutricional 4aAlimentosxAspectos económicos2 aOrganización de las Naciones Unidas para la Agricultura y la Alimentación (FAO)2 aFondo Internacional de Desarrollo Agrícola (FIDA)2 aPrograma Mundial de Alimentos (PMA)